000 00411cam a22001337a 4500
008 180718b1959 xxu||||| |||| 00| 0 eng d
082 _aA2:R In2
245 _aBibliography on wages
_cedited by P.N. Kaula
260 _aNew Delhi
_bMinistry of Labour and Employment
_c1959
300 _a214+p.
500 _aBibliographical Series, 5
700 _aIndia. Ministry of Labour and Employment
700 _aKaula, P.N.
999 _c487213
_d487213